| 000 | 00936pam a2200277 i 4500 | ||
|---|---|---|---|
| 001 | 1826870 | ||
| 003 | NUST-PNEC | ||
| 005 | 20170116180711.0 | ||
| 008 | 800812s1980 paua 001 0 eng | ||
| 010 | _a 80021319 | ||
| 020 | _a0830696733 | ||
| 020 | _a0830696628 | ||
| 040 | _cPNEC | ||
| 050 | 0 | 0 |
_aTK7867 _b.G52 |
| 082 | 0 | 0 |
_a621.381 COL _219 |
| 100 |
_9559 _aCollins, Raymond A. |
||
| 245 | 0 | 4 |
_aThe Giant handbook of electronic circuits / _cedited by Raymond A. Collins. |
| 250 | _a1st ed. | ||
| 260 |
_aBlue Ridge Summit, Pa. : _bTab Books, _c1980. |
||
| 300 |
_a880 p. : _bill. ; _c22 cm. |
||
| 500 | _aIncludes index. http://www.amazon.com/Giant-handbook-electronic-circuits/dp/0830696733/ref=sr_1_1?s=books&ie=UTF8&qid=1413184005&sr=1-1&keywords=0830696733 | ||
| 650 | 0 |
_aElectronic circuits _xEL, EE, ME |
|
| 700 | 1 | _aCollins, Raymond A. | |
| 906 |
_a7 _bcbc _corignew _du _eocip _f19 _gy-gencatlg |
||
| 942 |
_2ddc _cBK |
||
| 999 |
_c60986 _d60986 |
||